[Event "Moravia-Silesia Region-chT 2223"]
[Site "Czech Republic"]
[Date "2022.10.09"]
[Round "1"]
[White "Pavelek, Karel"]
[Black "Polacek, Michal"]
[Result "1/2-1/2"]
[WhiteElo "2056"]
[BlackElo "1955"]
[PlyCount "38"]
[EventDate "2022.10.09"]
[EventType "team-tourn"]
[EventRounds "11"]
[EventCountry "CZE"]
[SourceTitle "EXT 2024"]
[Source "ChessBase"]
[SourceDate "2023.10.10"]
[SourceVersion "1"]
[SourceVersionDate "2023.10.10"]
[SourceQuality "1"]
[WhiteTeam "Opava Slezan"]
[BlackTeam "Ostrava III"]
[WhiteTeamCountry "CZE"]
[BlackTeamCountry "CZE"]

1. d4 d5 2. c4 e6 3. Nf3 Nf6 4. Bg5 Be7 5. e3 0-0 6. Nc3 Nbd7 7. Bd3 b6 8. cxd5 Nxd5 9. Bxe7 Nxe7 10. 0-0 c5 11. Rc1 Bb7 12. dxc5 Bxf3 13. Qxf3 Nxc5 14. Bb1 Ng6 15. b4 Nd3 16. Rcd1 Nde5 17. Qe2 Qe7 18. a3 a5 19. Bxg6 Nxg6 1/2-1/2

[Event "CZE-chT2F 2122"]
[Site "Czech Republic"]
[Date "2021.11.07"]
[Round "2.8"]
[White "Dusek, Libor"]
[Black "Polacek, Michal"]
[Result "1-0"]
[WhiteElo "1817"]
[BlackElo "1975"]
[PlyCount "65"]
[EventDate "2021.10.17"]
[EventType "team-tourn"]
[EventRounds "11"]
[EventCountry "CZE"]
[SourceTitle "EXT 2024"]
[Source "ChessBase"]
[SourceDate "2023.10.10"]
[SourceVersion "1"]
[SourceVersionDate "2023.10.10"]
[SourceQuality "1"]
[WhiteTeam "Havirov Banik"]
[BlackTeam "Ostrava"]
[WhiteTeamCountry "CZE"]
[BlackTeamCountry "CZE"]

1. d4 d5 2. c4 e6 3. Nc3 Nf6 4. Bg5 Be7 5. e3 Nbd7 6. Nf3 c6 7. Rc1 0-0 8. Bd3 Re8 9. 0-0 Nf8 10. Qc2 h6 11. Bh4 dxc4 12. Bxc4 Nd5 13. Bxe7 Qxe7 14. a3 g5 15. Bd3 Kg7 16. h3 f5 17. Nxd5 cxd5 18. Qc7 Ng6 19. Bb5 Qxc7 20. Rxc7+ Re7 21. Rfc1 Rxc7 22. Rxc7+ Kg8 23. Be8 Nf8 24. Ne5 a6 25. Nf7 Bd7 26. Nxh6+ Kh7 27. Bxd7 Nxd7 28. Nf7 Nf8 29. Nxg5+ Kg6 30. Nf3 b5 31. Ne5+ Kf6 32. f4 a5 33. Rf7# 1-0

[Event "CZE-chT2F 1920"]
[Site "Czech Republic"]
[Date "2020.01.12"]
[Round "6.8"]
[White "Funiok, Richard"]
[Black "Polacek, Michal"]
[Result "0-1"]
[WhiteElo "1945"]
[BlackElo "1959"]
[PlyCount "84"]
[EventDate "2019.10.13"]
[EventType "team-tourn"]
[EventRounds "11"]
[EventCountry "CZE"]
[SourceTitle "EXT 2024"]
[Source "ChessBase"]
[SourceDate "2023.10.10"]
[SourceVersion "1"]
[SourceVersionDate "2023.10.10"]
[SourceQuality "1"]
[WhiteTeam "Havirov Banik"]
[BlackTeam "Ostrava TJ Nova Hut II"]
[WhiteTeamCountry "CZE"]
[BlackTeamCountry "CZE"]

1. e4 c5 2. c4 Nc6 3. Ne2 g6 4. d4 cxd4 5. Nxd4 Bg7 6. Be3 d6 7. Be2 Nf6 8. Nc3 Bd7 9. Nb3 Rc8 10. c5 Be6 11. cxd6 exd6 12. 0-0 d5 13. exd5 Nxd5 14. Nxd5 Bxd5 15. Nd4 Bxg2 16. Nxc6 Bxc6 17. Qxd8+ Rxd8 18. Bc5 Rd5 19. Be3 Bxb2 20. Rad1 Ra5 21. Bh6 Bg7 22. Bd2 Ra4 23. a3 a5 24. Rfe1 0-0 25. f4 Rxa3 26. Bc1 Ra2 27. Bc4 Rg2+ 28. Kf1 Bf6 29. Ba3 Rc8 30. Be7 Bg7 31. h4 Rg4 32. Bg5 h6 33. Be2 Rg3 34. Rd8+ Rxd8 35. Bxd8 Bd4 36. Bc4 Rg1+ 37. Ke2 Bf3+ 38. Kxf3 Rxe1 39. Bxa5 Re3+ 40. Kg2 Kg7 41. Bd2 Ra3 42. Kf1 Be3 0-1

[Event "CZE-chT2F 1415"]
[Site "Czech Republic"]
[Date "2014.11.30"]
[Round "3.48"]
[White "Kostka, Vit"]
[Black "Polacek, Michal"]
[Result "1-0"]
[WhiteElo "1864"]
[BlackElo "2018"]
[PlyCount "61"]
[EventDate "2014.11.02"]
[EventType "team-tourn"]
[EventRounds "11"]
[EventCountry "CZE"]
[SourceTitle "EXT 2022"]
[Source "ChessBase"]
[SourceDate "2021.10.06"]
[SourceVersion "1"]
[SourceVersionDate "2021.10.06"]
[SourceQuality "1"]
[WhiteTeam "Orlova Slavia II"]
[BlackTeam "Ostrava TJ Nova Hut"]
[WhiteTeamCountry "CZE"]
[BlackTeamCountry "CZE"]

1. e4 c5 2. Nf3 Nc6 3. d4 cxd4 4. Nxd4 d6 5. Nc3 Nf6 6. Bg5 g6 7. Bxf6 exf6 8. Qd2 a6 9. 0-0-0 Bd7 10. f4 Rc8 11. Kb1 b5 12. Be2 Na5 13. Nd5 Nc4 14. Bxc4 Rxc4 15. f5 g5 16. Qe2 h5 17. Rd3 Bg7 18. b3 Rc5 19. Rh3 g4 20. Rh4 b4 21. h3 Qa5 22. hxg4 Qa3 23. Rxh5 Rg8 24. R1h3 Bb5 25. Qd2 Bf1 26. Rf3 Ra5 27. c4 bxc3 28. Rxc3 Rc5 29. Nc2 Qa5 30. b4 Qb5 31. Rxc5 1-0

[Event "CZE-chT2F 0910"]
[Site "Czech Republic"]
[Date "2009.12.06"]
[Round "4.4"]
[White "Trapl, Dalibor"]
[Black "Polacek, Michal"]
[Result "1-0"]
[WhiteElo "2081"]
[BlackElo "2009"]
[PlyCount "98"]
[EventDate "2009.10.18"]
[EventType "team-tourn"]
[EventRounds "11"]
[EventCountry "CZE"]
[SourceTitle "EXT 2012"]
[Source "ChessBase"]
[SourceDate "2011.11.24"]
[SourceVersion "1"]
[SourceVersionDate "2011.11.24"]
[SourceQuality "1"]
[WhiteTeam "Poruba VOKD"]
[BlackTeam "Ostrava Mittal II"]
[WhiteTeamCountry "CZE"]
[BlackTeamCountry "CZE"]

1. e4 c5 2. Nf3 Nc6 3. d4 cxd4 4. Nxd4 d6 5. Nc3 g6 6. Be3 Bg7 7. Qd2 Nf6 8. f3 0-0 9. Bc4 Na5 10. Bb3 a6 11. 0-0-0 Nxb3+ 12. cxb3 Qc7 13. Kb1 b5 14. Rc1 Qd7 15. Bh6 Bb7 16. h4 e5 17. Nf5 Bxh6 18. Qxh6 Ne8 19. Ne3 f6 20. Ned5 Qg7 21. Qxg7+ Kxg7 22. g4 Rf7 23. Rh2 Rc8 24. Rch1 Bxd5 25. Nxd5 Rc5 26. h5 g5 27. Ne3 Rfc7 28. Rd2 Kf7 29. Rhd1 Ke6 30. h6 a5 31. Nf5 R5c6 32. Rd5 Rb6 33. R1d3 Rcc6 34. Rc3 Nc7 35. Rd1 Rxc3 36. bxc3 d5 37. Kc2 Rc6 38. exd5+ Nxd5 39. Rxd5 Kxd5 40. Ne7+ Kd6 41. Nxc6 Kxc6 42. Kd3 Kd5 43. Ke3 a4 44. Kd3 a3 45. Ke3 e4 46. fxe4+ Ke5 47. c4 bxc4 48. bxc4 Kd6 49. Kd4 Kc6 1-0

[Event "CZE-chT2F 0910"]
[Site "Czech Republic"]
[Date "2009.11.22"]
[Round "3.5"]
[White "Slovak, Petr"]
[Black "Polacek, Michal"]
[Result "0-1"]
[WhiteElo "2114"]
[BlackElo "2009"]
[PlyCount "46"]
[EventDate "2009.10.18"]
[EventType "team-tourn"]
[EventRounds "11"]
[EventCountry "CZE"]
[SourceTitle "EXT 2012"]
[Source "ChessBase"]
[SourceDate "2011.11.24"]
[SourceVersion "1"]
[SourceVersionDate "2011.11.24"]
[SourceQuality "1"]
[WhiteTeam "Frydek Mistek II"]
[BlackTeam "Ostrava Mittal II"]
[WhiteTeamCountry "CZE"]
[BlackTeamCountry "CZE"]

1. e4 c5 2. Nf3 Nc6 3. g3 Nf6 4. d3 g6 5. Bg2 Bg7 6. 0-0 0-0 7. Re1 d6 8. c3 Bd7 9. Nbd2 Rb8 10. a4 Qc7 11. b3 b5 12. Qc2 b4 13. Bb2 bxc3 14. Qxc3 Qa5 15. Rab1 Qxc3 16. Bxc3 Ng4 17. Bxg7 Kxg7 18. Nc4 f6 19. Red1 Nge5 20. Rd2 Rb4 21. Nfxe5 fxe5 22. Rdb2 Nd4 23. Nd2 Be6 0-1

[Event "CZE-chT2F 0910"]
[Site "Czech Republic"]
[Date "2009.11.08"]
[Round "2.5"]
[White "Polacek, Michal"]
[Black "Suchanek, Miroslav"]
[Result "1/2-1/2"]
[WhiteElo "2009"]
[BlackElo "2028"]
[PlyCount "124"]
[EventDate "2009.10.18"]
[EventType "team-tourn"]
[EventRounds "11"]
[EventCountry "CZE"]
[SourceTitle "EXT 2012"]
[Source "ChessBase"]
[SourceDate "2011.11.24"]
[SourceVersion "1"]
[SourceVersionDate "2011.11.24"]
[SourceQuality "1"]
[WhiteTeam "Ostrava Mittal II"]
[BlackTeam "Benesov"]
[WhiteTeamCountry "CZE"]
[BlackTeamCountry "CZE"]

1. e4 c5 2. Nf3 Nc6 3. d4 cxd4 4. Nxd4 e5 5. Nxc6 bxc6 6. c4 Nf6 7. Nc3 Bc5 8. Be2 0-0 9. 0-0 Bd4 10. Qc2 d6 11. Bg5 h6 12. Bc1 Rb8 13. Kh1 Bg4 14. Nd1 Qb6 15. Rb1 Be6 16. Ne3 Rfc8 17. b4 d5 18. exd5 cxd5 19. Nf5 Rc7 20. Nxd4 Qxd4 21. Be3 Qh4 22. f4 d4 23. fxe5 dxe3 24. exf6 g6 25. Bd3 Qg5 26. c5 Bd5 27. Be4 Re8 28. Bxd5 Qxd5 29. Rfe1 Rc6 30. Rbd1 Qe5 31. Qc4 Rxf6 32. c6 Rf4 33. Qc2 Rc8 34. b5 Qxb5 35. c7 Kh7 36. h3 Rc4 37. Qd3 R8xc7 38. Qxe3 Qb2 39. Rd8 Rc2 40. Qe8 Qg7 41. a4 f5 42. Re6 Rf7 43. Rdd6 Rcc7 44. Qb5 Qa1+ 45. Kh2 Rg7 46. Qe8 Qf1 47. Rd8 Qf4+ 48. Kg1 Rc1+ 49. Re1 Rxe1+ 50. Qxe1 Rc7 51. Rd1 Qxa4 52. Qe2 Qc6 53. Kh2 Rd7 54. Re1 Rf7 55. Ra1 f4 56. Ra6 Qc7 57. Qf3 Re7 58. Rf6 Re3 59. Qxf4 Qxf4+ 60. Rxf4 Kg7 61. Ra4 Re7 62. Ra6 h5 1/2-1/2

[Event "CZE-chT2F 0910"]
[Site "Czech Republic"]
[Date "2009.10.18"]
[Round "1.6"]
[White "Polacek, Michal"]
[Black "Hnilo, Jiri"]
[Result "0-1"]
[WhiteElo "2009"]
[BlackElo "2070"]
[PlyCount "114"]
[EventDate "2009.10.18"]
[EventType "team-tourn"]
[EventRounds "11"]
[EventCountry "CZE"]
[SourceTitle "EXT 2012"]
[Source "ChessBase"]
[SourceDate "2011.11.24"]
[SourceVersion "1"]
[SourceVersionDate "2011.11.24"]
[SourceQuality "1"]
[WhiteTeam "Ostrava Mittal II"]
[BlackTeam "Bruntal"]
[WhiteTeamCountry "CZE"]
[BlackTeamCountry "CZE"]

1. d4 c5 2. Nf3 cxd4 3. Nxd4 Nf6 4. g3 d5 5. Bg2 e6 6. 0-0 Be7 7. Nc3 0-0 8. e4 dxe4 9. Nxe4 e5 10. Nb3 Qc7 11. Qe2 Be6 12. Rd1 Nbd7 13. Bg5 Rad8 14. h3 h6 15. Nxf6+ Nxf6 16. Bxf6 Bxf6 17. c3 b6 18. Kh2 Rxd1 19. Rxd1 Rd8 20. Rxd8+ Bxd8 21. Qb5 Kf8 22. Qd3 g6 23. Qe4 Kg7 24. Qa4 Be7 25. Qe4 Bf5 26. Qd5 Qd6 27. Nd2 Be6 28. Qxd6 Bxd6 29. b3 f5 30. Bf1 Kf6 31. Bc4 e4 32. Kg2 Be5 33. Bxe6 Kxe6 34. c4 Kd6 35. Kf1 Kc5 36. Ke2 Kd4 37. Nb1 Bd6 38. Kd2 Bb4+ 39. Ke2 g5 40. Nd2 f4 41. Nf1 Bd6 42. gxf4 gxf4 43. Kd2 f3 44. Ke1 Bf4 45. Kd1 Kc3 46. h4 a5 47. Ng3 Bxg3 48. fxg3 Kd3 49. Ke1 e3 50. g4 e2 51. Kf2 Kd2 52. Kxf3 e1Q 53. g5 Qxh4 54. g6 Qf6+ 55. Ke4 Qxg6+ 56. Kd5 h5 57. c5 Qf5+ 0-1

[Event "Moravia-Silesia Region-chT 0708"]
[Site "Czech Republic"]
[Date "2008.01.20"]
[Round "6.3"]
[White "Miketa, Jiri"]
[Black "Polacek, Michal"]
[Result "0-1"]
[WhiteElo "1862"]
[BlackElo "1997"]
[PlyCount "88"]
[EventDate "2007.10.28"]
[EventType "team-tourn"]
[EventRounds "11"]
[EventCountry "CZE"]
[SourceTitle "EXT 2024"]
[Source "ChessBase"]
[SourceDate "2023.10.10"]
[SourceVersion "1"]
[SourceVersionDate "2023.10.10"]
[SourceQuality "1"]

1. e4 e5 2. Be2 Nf6 3. d3 d5 4. Nd2 Be6 5. Ngf3 Nbd7 6. c3 Be7 7. Qc2 0-0 8. 0-0 c5 9. h3 Rc8 10. Ng5 Rc6 11. Nxe6 fxe6 12. Nf3 a6 13. a4 Qe8 14. Re1 d4 15. a5 Qc8 16. Qb3 Re8 17. c4 Qc7 18. Bd2 Nf8 19. Qa3 Ng6 20. g3 Nd7 21. Bd1 Qd6 22. Ba4 Rcc8 23. Rab1 Rf8 24. Nh2 Qc7 25. h4 Rf7 26. h5 Nh8 27. Ng4 Nf6 28. Nxf6+ Rxf6 29. f4 exf4 30. gxf4 Rxf4 31. Bxf4 Qxf4 32. Re2 Rf8 33. Qa1 Qg3+ 34. Rg2 Qe3+ 35. Kh1 Bd6 36. Bd7 Rf6 37. Re1 Qh3+ 38. Kg1 Bf4 39. Qd1 Be3+ 40. Rxe3 dxe3 41. e5 Rf4 42. Qe2 Rh4 43. Bxe6+ Qxe6 44. Qxe3 Rxh5 0-1

[Event "Moravia-Silesia Region-chT 0708"]
[Site "Czech Republic"]
[Date "2008.01.06"]
[Round "5.3"]
[White "Polacek, Michal"]
[Black "Chlevistan, Jakub"]
[Result "1/2-1/2"]
[WhiteElo "1997"]
[BlackElo "2114"]
[PlyCount "65"]
[EventDate "2007.10.28"]
[EventType "team-tourn"]
[EventRounds "11"]
[EventCountry "CZE"]
[SourceTitle "EXT 2024"]
[Source "ChessBase"]
[SourceDate "2023.10.10"]
[SourceVersion "1"]
[SourceVersionDate "2023.10.10"]
[SourceQuality "1"]

1. e4 c5 2. Nf3 Nc6 3. Nc3 g6 4. b3 Bg7 5. Bc4 e6 6. 0-0 Nge7 7. Bb2 d5 8. exd5 exd5 9. Bb5 0-0 10. h3 a6 11. Bxc6 Nxc6 12. Na4 Bxb2 13. Nxb2 b5 14. Nd3 Qd6 15. Re1 Bf5 16. Nde5 Nxe5 17. Nxe5 Rfe8 18. Nf3 Rxe1+ 19. Nxe1 Re8 20. a4 b4 21. d3 Qe5 22. Nf3 Qc3 23. Rc1 a5 24. Qd2 Qb2 25. Re1 Rxe1+ 26. Nxe1 c4 27. dxc4 dxc4 28. bxc4 Qa1 29. Kh2 Qxa4 30. Qd8+ Kg7 31. Qd4+ Kg8 32. Qd8+ Kg7 33. Qd4+ 1/2-1/2